01669nam a22001577a 4500008004500000020001500045082001600060100001700076245004800093260004200141300001500183504117800198650002901376650006201405650004401467201020b 1999 ||||| |||| 00| 0 eng d a1870077504 a623.82bHEN aHensen, Henk aShip bridge simulators : a project handbook aEnglandbThe Nautical Institutec1999 axiii,168p. aPart I: Pre-simulation phase: Types and use of simulators -- Proposal phase -- Data collection and implementation -- Validation phase -- Part 2: Validation and simulation: Introduction to Part 2 -- Simulator ship bridge and out-of-window view -- Environmental influences -- Simulator input for ship manoeuvring model and related aspects -- Brief description tug types and tug use -- Simulator input for tug manoeuvring model and related aspects -- Validation of tug manoeuvring model and related aspects -- Procedures -- Data recording -- Data analysis -- Reports -- Simulation and limitations -- References and annexes: Conversion table -- Beaufort scale -- IMO Resolution A.601 (15)-- Checklists: Ship bridge checklist -- Ship's out-of-window view checklist -- Tug bridge checklist -- Tug's out-of-window view checklist -- Environmental influences checklist -- Simulator input for ship manoeuvring model checklist -- Validation of ship manoeuvring model checklist -- Simulator input for tug manoeuvring model checklist -- Validation of tug manoeuvring model checklist -- Procedures checklist -- Data recording checklist -- Analysis methods checklist -- Reports checklist. aEnvironmental influences aValidation of ship manoeuvring model ande related aspects aBrief description tug types and tug use